International Human Resource Management (Record no. 3907)

MARC details
000 -LEADER
fixed length control field 00446nam a22001697a 4500
005 - DATE AND TIME OF LATEST TRANSACTION
control field 20180809155136.0
008 - FIXED-LENGTH DATA ELEMENTS--GENERAL INFORMATION
fixed length control field 160625b xxu||||| |||| 00| 0 eng d
020 ## - INTERNATIONAL STANDARD BOOK NUMBER
ISBN 978-81-315-0007-1
041 ## - LANGUAGE CODE
Language code of text/sound track or separate title eng
082 ## - DEWEY DECIMAL CLASSIFICATION NUMBER
Item number 9918
Classification number 658.3
100 ## - MAIN ENTRY--AUTHOR NAME
Personal name Dowling, Peter J and Weich, Denice E
245 ## - TITLE STATEMENT
Title International Human Resource Management
260 ## - PUBLICATION, DISTRIBUTION, ETC. (IMPRINT)
Name of publisher Cengage
Year of publication 2010
Place of publication australia
300 ## - PHYSICAL DESCRIPTION
Number of Pages 320p,
650 ## - SUBJECT ADDED ENTRY--TOPICAL TERM
Topical Term Management
942 ## - ADDED ENTRY ELEMENTS (KOHA)
Koha item type Books
Holdings
Lost status Damaged status Collection code Home library Current library Shelving location Date acquired Full call number Accession Number Koha item type
    MANAGEMENT JRU Library JRU Library SHELF-63-G 25/06/2016 658.3 9918 Books
    MANAGEMENT JRU Library JRU Library SHELF-63-G 25/06/2016 658.3 9919 Books
    MANAGEMENT JRU Library JRU Library SHELF-63-G 25/06/2016 658.3 9920 Books